000
00233nam a22001097a 4500
008
210707s2011 xx 000 0 und d
041
_a
eng
082
_a
052 IHOR
245
_a
Indian Horizons
260
_c
2011
650
_a
The Arts
999
_c
179861
_d
179861